| 000 | 00778nam a2200253 i 4500 | ||
|---|---|---|---|
| 001 | bg | ||
| 245 | 0 | 0 |
_aPrawo rolne / _cpod red. Andrzeja Stelmachowskiego. |
| 250 | _aWyd. 2. | ||
| 260 |
_aWarszawa : _bWydaw. Prawnicze "LexisNexis", _c2005. |
||
| 300 |
_a531 s. ; _c24 cm. |
||
| 504 | _aIndeks. | ||
| 650 | 9 |
_aRolnictwo _xprawo _zPolska _ystan na 2005 r. |
|
| 655 | _aPodręczniki akademickie | ||
| 700 | 1 |
_aSTELMACHOWSKI, Andrzej _d(1925- ). _eRed. |
|
| 015 | _aPB 965/2005 | ||
| 020 | _a8373343555 | ||
| 040 | _cBPK | ||
| 041 | _apol | ||
| 080 | _a349.42(438)(075.8) | ||
| 920 | _a83-7334-355-5 | ||
| 942 | _cKS | ||
| 008 | s pl f |000 0 pol | ||
| 999 |
_c46041 _d46041 |
||
| 856 |
_uhttp://koha.tu.koszalin.pl/cgi-bin/koha/opac-detail.pl?biblionumber=46041 _yKatalog online BPK |
||